[Event "New Delhi Skillcraft U1800 op 1st"]
[Site "New Delhi"]
[Date "2025.01.10"]
[Round "3"]
[White "Aditya, Gupta5"]
[Black "Daksh, Birla"]
[Result "0-1"]
[WhiteElo "1600"]
[BlackElo "1754"]
[PlyCount "110"]
[EventDate "2025.01.10"]
[EventType "swiss"]
[EventRounds "9"]
[EventCountry "IND"]
[SourceTitle "CB12_2025"]
[SourceDate "2025.03.19"]
[SourceVersion "1"]
[SourceVersionDate "2025.03.19"]
[SourceQuality "1"]

1. d4 Nf6 2. c4 c5 3. d5 e5 4. Nc3 d6 5. e4 Be7 6. g3 a6 7. Bg2 Nbd7 8. Nf3 Nf8 9. h3 Bd7 10. a4 Ng6 11. 0-0 0-0 12. Kh2 Ne8 13. g4 Nc7 14. a5 Rb8 15. Be3 Nf4 16. Bxf4 exf4 17. e5 Ne8 18. Re1 dxe5 19. Nxe5 Bd6 20. Nxd7 Qxd7 21. Qf3 f5 22. g5 Nc7 23. Ne2 Be5 24. Rab1 Qd6 25. Nc3 Rbe8 26. Na4 Bd4 27. Kg1 Kh8 28. Qb3 Qg6 29. Qxb7 Qxg5 30. d6 Rb8 31. Qf3 Ne8 32. d7 Nf6 33. Nb6 Rbd8 34. Re2 Nxd7 35. Nxd7 Rxd7 36. Rbe1 Rdd8 37. b3 h6 38. Re6 Rf6 39. Re8+ Rf8 40. R8e6 Rf6 41. Re8+ Rf8 42. Rxf8+ Rxf8 43. Re6 Kh7 44. Rxa6 Re8 45. Ra8 Re1+ 46. Kh2 Ra1 47. a6 Ra2 48. a7 Bxf2 49. Rc8 Bg3+ 50. Kh1 Rxa7 51. Rxc5 Qh4 52. Bf1 Ra1 53. Kg1 Qxh3 54. Qg2 Bh2+ 55. Kf2 Qe3# 0-1